Science Quiz

Random Science or Clickable Quiz

It's Rocket Science! Quiz Stats

 Plays Quiz Updated Feb 16, 2016

Challenge
Share
Tweet
Embed
Score 0/20 Timer 05:00
1 Play Today
% Correct
Launch pad
88.3%
Countdown
80.5%
Chuffing
70.8%
Thrust vector control
70.2%
Blow off
67.4%
Flame bucket
66.1%
Burn time
64.2%
Boil off
62.9%
Ideal burning
62.4%
Stay time
61%
% Correct
Dawn rocket
56.6%
Pogo effect
55.7%
Air start
54.8%
Step principle
52.3%
Boat-tail
49.7%
Turbo pump
47.3%
Bleed-cycle operation
44.9%
De Laval nozzle
44.2%
Fairing
39.3%
Specific impulse
35.6%

You're not logged in!

Compare scores with friends on all Sporcle quizzes.
OR
Log In

You Might Also Like...

Show Comments

Extras

Top Quizzes Today


Score Distribution

Your Account Isn't Verified!

In order to create a playlist on Sporcle, you need to verify the email address you used during registration. Go to your Sporcle Settings to finish the process.

Report this User

Report this user for behavior that violates our Community Guidelines.

Details: